Braunwald's heart disease review and assessment / (Record no. 170574)

MARC details
000 -LEADER
fixed length control field 00839nam a22002295i 4500
001 - CONTROL NUMBER
control field 20586132
003 - CONTROL NUMBER IDENTIFIER
control field OSt
005 - DATE AND TIME OF LATEST TRANSACTION
control field 20240213154255.0
008 - FIXED-LENGTH DATA ELEMENTS--GENERAL INFORMATION
fixed length control field 180717s2018 pau 000 0 eng
020 ## - INTERNATIONAL STANDARD BOOK NUMBER
International Standard Book Number 9996118614 (hardback)
040 ## - CATALOGING SOURCE
Original cataloging agency NUST
Language of cataloging eng
Description conventions rda
Transcribing agency NUST
Modifying agency NUST
050 ## - LIBRARY OF CONGRESS CALL NUMBER
Classification number RC681 BRA
245 00 - TITLE STATEMENT
Title Braunwald's heart disease review and assessment /
Statement of responsibility, etc. edited by Douglas P. Zipes, Douglas L. Mann, Peter Libby and Robert O. Bonow.
250 ## - EDITION STATEMENT
Edition statement Eleventh edition.
260 ## - PUBLICATION, DISTRIBUTION, ETC.
Place of publication, distribution, etc. Philaphedia :
Name of publisher, distributor, etc. Elsevier,
Date of publication, distribution, etc. ©2019.
300 ## - PHYSICAL DESCRIPTION
Extent xxviii, 1055 pages :
Other physical details illustrations (some colour),
Dimensions 29 cm.
336 ## - CONTENT TYPE
Content type term text
Content type code txt
Source rdacontent
337 ## - MEDIA TYPE
Media type term unmediated
Media type code n
Source rdamedia
338 ## - CARRIER TYPE
Carrier type term volume
Carrier type code nc
Source rdacarrier
504 ## - BIBLIOGRAPHY, ETC. NOTE
Bibliography, etc. note Includes bibliographical references and index.
942 ## - ADDED ENTRY ELEMENTS (KOHA)
Source of classification or shelving scheme Library of Congress Classification
Koha item type Ordinary Loan Books
Edition Eleventh edition
Classification part RC681
Call number prefix RC
Call number suffix BRA
Suppress in OPAC No

No items available.